| 000 | 01049nam a22002417a 4500 | ||
|---|---|---|---|
| 008 | 240610b mp ||||| |||| 00| 0 mon d | ||
| 020 | _a978-7-5311-8878-0 | ||
| 035 | _a37881 | ||
| 040 |
_aHUV0167120 _bmon _cMN-UlNLM _dMN-UlNLM _erda |
||
| 041 | _amon | ||
| 042 | _a87119 | ||
| 084 |
_2NNA _a84.8(0) _bА.31 |
||
| 245 | 0 | _aАж байдлын үлгэрүүд | |
| 264 |
_aХөх хот _bӨвөр монголын сургалт хүмүүжлийн хэвлэлийн хороо _c2014 |
||
| 300 | _a330х. | ||
| 336 |
_2rdacontent _atext _btxt |
||
| 337 |
_2rdamedia _aunmediated _bn |
||
| 338 |
_2rdacarrier _avolume _bnc |
||
| 490 | _aДэлхийн хүүхдийн сонгодог зохиолын дээжис | ||
| 650 | _aГарчиг Хатан хаан ба аварга том шош, сувд мод, бяцхан дик ба ухаант муур, хар арьст бяцхан цэмбэ Пет херо генерал, оньсны ... | ||
| 942 |
_2NNA _cBK |
||
| 999 |
_c1058155 _d1058212 |
||